00623nam a22001817a 4500952014300000999001700143003000400160005001700164008004100181020001800222040000900240082002200249100003800271245004100309260002800350300001300378942005000391 00102ddc40708SSaMESbMEScMALd2021-04-28g30.00l2o894.812301 KAR/Vp41129r2024-08-05 15:11:12s2024-07-25w2021-04-28yBKzGR30R2 c41311d41311OSt20210428103405.0210428b ||||| |||| 00| 0 eng d a9788182713260 coclc a894.812301bKAR/V 91839a Karakunnu, Sheikh Mohammed aVelicham/cSheikh Muhammed Karakunnu aKozhikode:bIPH,c2018. a31 pages 2ddccBKh894.812301iKAR/Vk894.812301mKAR/V